000 00607nam a2200229Ia 4500
003 OSt
005 20221006144749.0
006 a|||||r|||| 00| 0
007 ta
008 221006b |||||||| |||| 00| 0 eng d
024 _a12,637
037 _cTextual
040 _aEASL
_cEASL
_beng
041 _2eng
_aeng
082 _aV41:191(zB).N13, L6
100 _aHSIA
_9652789
245 0 _aStudies in Chinese diplomatic history
260 _aChian
_bCommercial Press
_c1976
300 _a226p.
_ccm.
942 _hV41:191(zB).N13, L6
_cTEXL
_2CC
999 _c1080723
_d1080723